Autoridad presupuestaria

Guardat en:
Dades bibliogràfiques
Format: Text
Etiquetes: Afegir etiqueta
Sense etiquetes, Sigues el primer a etiquetar aquest registre!

MARC

LEADER 00000 a a2200000 04500
001 3265
003
040
245 |a Autoridad presupuestaria  
773 |g volumen 32, número 6; páginas 603-604  
999 |c 25098  |d 25098